BIBLIOTHÈQUE DE LA MAISON DU MEXIQUE

Logo 1 Logo 2

La irrupción de la subjetividad moderna (notice nᵒ 4970)

détails MARC
000 -Sello discográfico
campo de control de longitud fija 00925nam0a2200289 4500
005 - Identificación de versión
campo de control 20251016083938.0
010 ## - Número Estándar Internacional de Libros (ISBN)
Número (ISBN) 968-864-457-9
035 ## - Otros números de control del sistema
Número de control del sistema 33616
099 ## - fechas locales
Tipo de ítem Koha LIBRO
100 ## - Datos de procesamiento general
Datos de procesamiento general 20110913d2007 m y0spay5003 ba
105 ## - Campo de datos codificados: Material textual, monográfico
Datos codificados de monografía y 001zy
200 1# - Título y mención de responsabilidad
Título propio La irrupción de la subjetividad moderna
Designación general del material texto impreso
Primer mención de responsabilidad Javier Corona Fernández
205 ## - Declaración de edición
Declaración de edición 1a ed
210 ## - Publicación, distribución, etc.
Lugar de publicación, distribución, etc. México
Nombre del editor, distribuidor, etc. Universidad de Guanajuato, Facultad de Filosofía y Letras
Fecha de publicación, distribución, etc. 2007
215 ## - Descripción física
Designación de material específico y extensión del ítem 134 p
Dimensiones 21 cm
345 ## - Nota de información de adquisición
Fuente de adquisición/dirección de la suscripción [OBSOLETO] Donación de la Universidad de Guanajuato
410 #1 - Series
Título Pliego Filosofía
606 ## - Término temático usado como materia
Elemento de entrada Filosofía mexicana
Subdivisión cronológica Siglo XX
Número Koha 3477
606 ## - Término temático usado como materia
Elemento de entrada Subjetividad
Número Koha 9644
700 ## - Nombre personal - Responsabilidad primaria
Elemento de entrada Corona Fernández
Parte del nombre distinta del elemento de entrada Javier
Fechas 1963-
Número Koha 9639
801 #0 - Fuente de origen
País FR
Agencia cm
Reglas de catalogación (convenciones descriptivas) AFNOR
900 ## -
-- 1/20427
942 ## - ELEMENTOS DE ENTRADA SECUNDARIOS (KOHA)
Tipo de ítem Koha Livre
996 ## -
-- MEX
-- 751145101
-- MMAG
-- 000299
-- 199.72 C822IR
-- 20110913LIV
Exemplaires
Estatus retirado Estado de daño Estado de pérdida Fecha de adquisición Biblioteca de origen Biblioteca actual Ubicación en estantería Código de barras Precio de reemplazo Signatura topográfica completa No para préstamo Tipo de ítem Koha Nota pública Nota no pública
      05/08/2025 Casa México Paris Casa México Paris   000299 05/08/2025 199.72 C822IR   Livre 20110913LIV 751145101